000 00946nam a22002897a 4500
003 CHAP
005 20220329142735.0
008 030403d1997 mx r 00110 spa d
010 _a87098
011 _a88070
020 _a9688844683
035 _a98615
040 _cCHAP
082 0 4 _a972.015
_bF5
100 0 0 _aFlores Torres, Jorge.
_941763
245 1 4 _aLos mayas yucatecos y el control cultural :
_betnotecnología, mayaeconomía y pensamiento político de los pueblos centro-orientales de Yucatán
_c/por Jorge Flores Torres
260 _a(Chapingo, Méx.) :
_bUACH.
_c1997.
300 _a144 p.
590 _aBATCH-UPD
_b10
_c20130110
_lUCH01
_h0623
590 _aCONVERSION
_b10
_c20130109
_lUCH01
_h1348
650 1 4 _aMayas
_xAgricultura.
_973210
650 1 4 _aMayas
_xCultura.
_973214
901 _aBK
905 _aAlejandra Carrasco M.
942 _cLIBRO
949 _a972.015 F5
_bBC
_cUACH
_d33724000888673
_eUACH
_h103523
_i98615
_sb
999 _c87098
_d87098